Southville International School and Colleges
Your cart is empty.
  • Cart
  • Lists
    Public lists Eva Luna New books Lux_list list_1
    Your lists Log in to create your own lists
  • Log in to your account
  • Your cookies
  • Search history
Southville International School and Colleges
  • Advanced search
  • Recent comments
  • Most popular
  • Libraries

Log in to your account

Log in with GOOGLE


If you do not have an external account, but do have a local account, you can still log in:

  1. Home
  2. MARC view: You wouldn't want to be on the Hindenburg! :
Normal view MARC view ISBD view

You wouldn't want to be on the Hindenburg! : (Record no. 361127)

[ view plain ]
MARC details
000 -LEADER
fixed length control field 00750nam a2200277Ia 4500
008 - FIXED-LENGTH DATA ELEMENTS--GENERAL INFORMATION
fixed length control field 190123s9999 xx 000 0 und d
020 ## - INTERNATIONAL STANDARD BOOK NUMBER
International Standard Book Number 9780531208236
050 ## - LIBRARY OF CONGRESS CALL NUMBER
Item number G739 2008
100 ## - MAIN ENTRY--PERSONAL NAME
Personal name Graham, Ian
245 #0 - TITLE STATEMENT
Title You wouldn't want to be on the Hindenburg! :
245 #2 - TITLE STATEMENT
Remainder of title a transatlantic trip you'd rather skip /
245 #0 - TITLE STATEMENT
Statement of responsibility, etc by Ian Graham ; illustrated by David Antram.
260 ## - PUBLICATION, DISTRIBUTION, ETC. (IMPRINT)
Place of publication, distribution, etc New York, New York :
260 ## - PUBLICATION, DISTRIBUTION, ETC. (IMPRINT)
Name of publisher, distributor, etc Scholastic,
260 ## - PUBLICATION, DISTRIBUTION, ETC. (IMPRINT)
Date of publication, distribution, etc 2008
300 ## - PHYSICAL DESCRIPTION
Extent 32 pages :
300 ## - PHYSICAL DESCRIPTION
Other physical details colored illustrations ;
300 ## - PHYSICAL DESCRIPTION
Dimensions 24cm.
500 ## - GENERAL NOTE
General note 900L
650 ## - SUBJECT ADDED ENTRY--TOPICAL TERM
Topical term or geographic name as entry element Aircraft accidents.
650 ## - SUBJECT ADDED ENTRY--TOPICAL TERM
Topical term or geographic name as entry element Germany.
650 ## - SUBJECT ADDED ENTRY--TOPICAL TERM
Topical term or geographic name as entry element Hindenburg (Airship).
650 ## - SUBJECT ADDED ENTRY--TOPICAL TERM
Topical term or geographic name as entry element New Jersey.
700 ## - ADDED ENTRY--PERSONAL NAME
Personal name Antram, David.
700 ## - ADDED ENTRY--PERSONAL NAME
Personal name Title.
Holdings
Withdrawn status Lost status Damaged status Home library Current library Shelving location Date acquired Total Checkouts Full call number Barcode Date last seen Price effective from Koha item type
      Stonyhurst Southville International School (Malarayat) Stonyhurst Southville International School (Malarayat)   01/23/2019   LEX G739 2008 SSISM6284 01/23/2019 01/23/2019 Lexile

You wouldn't want to be on the Hindenburg! :

APA

Graham I., Antram D. & Title.You wouldn't want to be on the Hindenburg!. New York, New York: .

Chicago

Graham Ian, Antram David and Title.You wouldn't want to be on the Hindenburg!. New York, New York: .

Harvard

Graham I., Antram D. and Title.You wouldn't want to be on the Hindenburg!. New York, New York: .

MLA

Graham Ian, Antram David and Title.New York, New York: . .

  • Place hold
  • Print
  • Cite
  • Add to your cart (remove)
  • Save record
    BIBTEX Dublin Core MARCXML MARC (non-Unicode/MARC-8) MARC (Unicode/UTF-8) MARC (Unicode/UTF-8, Standard) MODS (XML) RIS
  • More searches
    Search for this title in:
    Other Libraries (WorldCat) Other Databases (Google Scholar) Online Stores (Bookfinder.com) Open Library (openlibrary.org)

Exporting to Dublin Core...

SOUTHVILLE LIBRARY

Southville International School and Colleges Library

1281 Tropical Ave. Cor. Luxembourg St., BF Homes International, Las Pinas City

Tel. No. 8256374 / 252358 Loc. 117/146

Powered by Koha